[Event "Najdorf Memorial B"]
[Site "Warsaw POL"]
[Date "2021.07.13"]
[Round "4.15"]
[White "Jaskulski, Jan"]
[Black "Bartnik, Michal"]
[Result "1/2-1/2"]
[WhiteElo "1723"]
[BlackElo "1407"]
[EventDate "2021.07.10"]
[PlyCount "131"]
[LiveChessVersion "1.4.8"]

1.e4 {[%clk 1:30:58]} 1...c5 {[%clk 1:30:55]} 2.Nf3 {[%clk 1:31:25]} 2...Nc6 
{[%clk 1:31:17]} 3.Bb5 {[%clk 1:31:51]} 3...d6 {[%clk 1:31:21]} 4.d4 {[%clk
1:30:04]} 4...cxd4 {[%clk 1:31:14]} 5.Nxd4 {[%clk 1:30:28]} 5...Bd7 {[%clk
1:31:32]} 6.O-O {[%clk 1:30:37]} 6...e5 {[%clk 1:29:37]} 7.Nf3 {[%clk 1:20:28]} 
7...a6 {[%clk 1:28:59]} 8.Bc4 {[%clk 1:20:45]} 8...h6 {[%clk 1:28:42]} 9.a4 
{[%clk 1:20:18]} 9...Nf6 {[%clk 1:28:56]} 10.Re1 {[%clk 1:14:08]} 10...Bg4 
{[%clk 1:26:28]} 11.h3 {[%clk 1:14:28]} 11...Bh5 {[%clk 1:26:24]} 12.c3 {[%clk
1:13:27]} 12...Be7 {[%clk 1:26:19]} 13.Qd3 {[%clk 1:13:41]} 13...O-O {[%clk
1:25:02]} 14.Nbd2 {[%clk 1:11:57]} 14...a5 {[%clk 1:20:58]} 15.Nf1 {[%clk
1:09:58]} 15...Rc8 {[%clk 1:19:19]} 16.b3 {[%clk 1:07:11]} 16...Bg6 {[%clk
1:15:12]} 17.Ng3 {[%clk 1:05:58]} 17...Nd7 {[%clk 1:14:42]} 18.Ba3 {[%clk
0:57:14]} 18...Nc5 {[%clk 1:08:33]} 19.Qd5 {[%clk 0:56:02]} 19...Qc7 {[%clk
1:05:10]} 20.Rad1 {[%clk 0:55:08]} 20...Rcd8 {[%clk 1:04:14]} 21.Nd2 {[%clk
0:47:47]} 21...Ne6 {[%clk 1:01:51]} 22.Ndf1 {[%clk 0:47:21]} 22...Nf4 {[%clk
1:00:52]} 23.Qd2 {[%clk 0:47:42]} 23...d5 {[%clk 0:54:27]} 24.Bxe7 {[%clk
0:47:01]} 24...Nxe7 {[%clk 0:54:42]} 25.exd5 {[%clk 0:46:57]} 25...Nexd5 {[%clk
0:54:10]} 26.Qc1 {[%clk 0:40:04]} 26...Nb6 {[%clk 0:47:42]} 27.Bb5 {[%clk
0:32:56]} 27...Nbd5 {[%clk 0:43:22]} 28.Bc4 {[%clk 0:29:21]} 28...Nb6 {[%clk
0:42:57]} 29.Bb5 {[%clk 0:27:39]} 29...Nd3 {[%clk 0:35:18]} 30.Bxd3 {[%clk
0:27:47]} 30...Bxd3 {[%clk 0:35:23]} 31.c4 {[%clk 0:27:32]} 31...Bxf1 {[%clk
0:29:30]} 32.Nxf1 {[%clk 0:26:06]} 32...Rxd1 {[%clk 0:29:26]} 33.Qxd1 {[%clk
0:25:00]} 33...Rd8 {[%clk 0:29:20]} 34.Qh5 {[%clk 0:25:11]} 34...f6 {[%clk
0:29:26]} 35.Ne3 {[%clk 0:21:59]} 35...Qf7 {[%clk 0:28:53]} 36.Qg4 {[%clk
0:21:15]} 36...Rd4 {[%clk 0:27:50]} 37.Qf5 {[%clk 0:15:51]} 37...Qd7 {[%clk
0:26:43]} 38.Qc2 {[%clk 0:15:21]} 38...Rd2 {[%clk 0:26:15]} 39.Qc3 {[%clk
0:15:36]} 39...Rd3 {[%clk 0:24:50]} 40.Qxa5 {[%clk 0:15:49]} 40...Qc6 {[%clk
0:25:01]} 41.c5 {[%clk 0:14:56]} 41...Nd5 {[%clk 0:24:26]} 42.Nxd5 {[%clk
0:14:35]} 42...Qxd5 {[%clk 0:23:27]} 43.b4 {[%clk 0:13:41]} 43...Rd1 {[%clk
0:23:10]} 44.Rxd1 {[%clk 0:14:10]} 44...Qxd1+ {[%clk 0:23:20]} 45.Kh2 {[%clk
0:14:13]} 45...Qd4 {[%clk 0:23:48]} 46.Qa8+ {[%clk 0:13:41]} 46...Kh7 {[%clk
0:23:56]} 47.Qxb7 {[%clk 0:14:07]} 47...Qf4+ {[%clk 0:23:55]} 48.Kg1 {[%clk
0:14:22]} 48...Qc1+ {[%clk 0:24:17]} 49.Kh2 {[%clk 0:14:51]} 49...Qf4+ {[%clk
0:24:42]} 50.g3 {[%clk 0:15:02]} 50...Qxf2+ {[%clk 0:25:08]} 51.Qg2 {[%clk
0:15:28]} 51...Qd4 {[%clk 0:25:26]} 52.Qc2+ {[%clk 0:15:53]} 52...e4 {[%clk
0:25:38]} 53.c6 {[%clk 0:15:19]} 53...Qd3 {[%clk 0:25:49]} 54.Qxd3 {[%clk
0:11:02]} 54...exd3 {[%clk 0:26:17]} 55.c7 {[%clk 0:11:23]} 55...d2 {[%clk
0:26:44]} 56.c8=Q {[%clk 0:11:49]} 56...d1=Q {[%clk 0:27:06]} 57.Qf5+ {[%clk
0:11:56]} 57...Kh8 {[%clk 0:27:28]} 58.g4 {[%clk 0:08:45]} 58...Qd2+ {[%clk
0:27:03]} 59.Kg3 {[%clk 0:09:13]} 59...Qxb4 {[%clk 0:27:25]} 60.Qb5 {[%clk
0:09:01]} 60...Qc3+ {[%clk 0:27:31]} 61.Kh4 {[%clk 0:07:10]} 61...Qc7 {[%clk
0:24:43]} 62.Qf5 {[%clk 0:05:14]} 62...Qe7 {[%clk 0:24:03]} 63.a5 {[%clk
0:04:54]} 63...Qe1+ {[%clk 0:24:25]} 64.Kh5 {[%clk 0:05:16]} 64...Qe8+ {[%clk
0:24:48]} 65.Qg6 {[%clk 0:05:05]} 65...Qe5+ {[%clk 0:25:08]} 66.Qf5 {[%clk
0:05:06]} 1/2-1/2

[Event "Najdorf Memorial B"]
[Site "Warsaw POL"]
[Date "2021.07.13"]
[Round "4.16"]
[White "Zdybel, Tomasz"]
[Black "Michalowski, Patryk"]
[Result "0-1"]
[WhiteElo "1400"]
[BlackElo "1770"]
[EventDate "2021.07.10"]
[PlyCount "83"]
[LiveChessVersion "1.4.8"]

1.e4 {[%clk 1:28:43]} 1...c5 {[%clk 1:30:54]} 2.Nc3 {[%clk 1:29:11]} 2...d6 
{[%clk 1:31:17]} 3.g3 {[%clk 1:29:29]} 3...Nc6 {[%clk 1:31:30]} 4.Bg2 {[%clk
1:29:14]} 4...g6 {[%clk 1:31:52]} 5.d3 {[%clk 1:29:23]} 5...Bg7 {[%clk 1:32:11]} 
6.Be3 {[%clk 1:29:42]} 6...Bd7 {[%clk 1:32:02]} 7.Qd2 {[%clk 1:29:55]} 7...Rb8 
{[%clk 1:32:20]} 8.f4 {[%clk 1:27:02]} 8...e6 {[%clk 1:29:28]} 9.Nf3 {[%clk
1:25:30]} 9...Nd4 {[%clk 1:29:20]} 10.O-O {[%clk 1:25:07]} 10...Ne7 {[%clk
1:29:28]} 11.Nd1 {[%clk 1:18:45]} 11...O-O {[%clk 1:28:45]} 12.c3 {[%clk
1:15:14]} 12...Nxf3+ {[%clk 1:29:07]} 13.Rxf3 {[%clk 1:15:27]} 13...Qa5 {[%clk
1:25:16]} 14.g4 {[%clk 1:10:38]} 14...f5 {[%clk 1:21:45]} 15.gxf5 {[%clk
1:10:15]} 15...exf5 {[%clk 1:22:04]} 16.h4 {[%clk 1:06:14]} 16...Bc6 {[%clk
1:10:37]} 17.Rg3 {[%clk 0:55:53]} 17...d5 {[%clk 1:01:29]} 18.exd5 {[%clk
0:44:38]} 18...Nxd5 {[%clk 1:01:35]} 19.h5 {[%clk 0:44:31]} 19...Rf6 {[%clk
0:59:14]} 20.Qf2 {[%clk 0:37:58]} 20...b6 {[%clk 0:48:33]} 21.Bd2 {[%clk
0:30:27]} 21...Qa6 {[%clk 0:45:38]} 22.c4 {[%clk 0:25:07]} 22...Ne7 {[%clk
0:43:08]} 23.Bc3 {[%clk 0:16:30]} 23...Re6 {[%clk 0:35:14]} 24.Ne3 {[%clk
0:13:35]} 24...Qb7 {[%clk 0:32:40]} 25.hxg6 {[%clk 0:12:09]} 25...hxg6 {[%clk
0:33:02]} 26.Rh3 {[%clk 0:08:46]} 26...Bxg2 {[%clk 0:30:59]} 27.Nxg2 {[%clk
0:08:37]} 27...Nc6 {[%clk 0:30:53]} 28.Ne3 {[%clk 0:05:52]} 28...Nd4 {[%clk
0:28:44]} 29.Re1 {[%clk 0:04:59]} 29...Rbe8 {[%clk 0:28:53]} 30.Nd5 {[%clk
0:03:51]} 30...Rxe1+ {[%clk 0:15:25]} 31.Bxe1 {[%clk 0:03:55]} 31...Re2 {[%clk
0:09:43]} 32.Qh4 {[%clk 0:03:20]} 32...Kf7 {[%clk 0:09:14]} 33.Bc3 {[%clk
0:02:43]} 33...Qd7 {[%clk 0:09:28]} 34.Kf1 {[%clk 0:01:51]} 34...Re8 {[%clk
0:09:16]} 35.Qf2 {[%clk 0:01:04]} 35...Re2 {[%clk 0:07:49]} 36.Qh4 {[%clk
0:01:16]} 36...Qa4 {[%clk 0:08:06]} 37.Ne3 {[%clk 0:00:00]} 37...Qd7 38.Nd5 Qa4 
39.Ne3 Qxa2 40.Bxd4 Bxd4 41.Kxe2 Qxb2+ {[%clk 0:08:06]} 42.Kf3 0-1

[Event "Najdorf Memorial B"]
[Site "Warsaw POL"]
[Date "2021.07.13"]
[Round "4.17"]
[White "Marciniak, Kajetan"]
[Black "Warcaba, Jakub"]
[Result "0-1"]
[WhiteElo "1376"]
[BlackElo "1735"]
[EventDate "2021.07.10"]
[PlyCount "106"]
[LiveChessVersion "1.4.8"]

1.Nf3 {[%clk 1:30:55]} 1...Nf6 {[%clk 1:30:54]} 2.c4 {[%clk 1:31:17]} 2...g6 
{[%clk 1:30:35]} 3.b4 {[%clk 1:30:38]} 3...Bg7 {[%clk 1:28:23]} 4.Bb2 {[%clk
1:31:07]} 4...O-O {[%clk 1:27:58]} 5.g3 {[%clk 1:30:22]} 5...a5 {[%clk 1:26:15]} 
6.a3 {[%clk 1:30:46]} 6...d6 {[%clk 1:25:04]} 7.Bg2 {[%clk 1:29:33]} 7...e5 
{[%clk 1:24:36]} 8.d3 {[%clk 1:29:56]} 8...c6 {[%clk 1:21:54]} 9.O-O {[%clk
1:25:29]} 9...Qb6 {[%clk 1:18:40]} 10.Qb3 {[%clk 1:17:19]} 10...axb4 {[%clk
1:14:48]} 11.axb4 {[%clk 1:15:33]} 11...Rxa1 {[%clk 1:15:10]} 12.Bxa1 {[%clk
1:16:01]} 12...Na6 {[%clk 1:11:50]} 13.Bc3 {[%clk 1:09:02]} 13...e4 {[%clk
1:09:50]} 14.dxe4 {[%clk 1:02:51]} 14...Nc5 {[%clk 1:08:54]} 15.Qa3 {[%clk
0:57:04]} 15...Ncxe4 {[%clk 1:08:44]} 16.Bd4 {[%clk 0:54:10]} 16...c5 {[%clk
1:00:24]} 17.bxc5 {[%clk 0:52:34]} 17...dxc5 {[%clk 1:00:43]} 18.Be3 {[%clk
0:51:36]} 18...Ng4 {[%clk 0:56:57]} 19.Nbd2 {[%clk 0:40:51]} 19...Bb2 {[%clk
0:36:25]} 20.Qd3 {[%clk 0:35:55]} 20...Nxd2 {[%clk 0:34:44]} 21.Qxd2 {[%clk
0:33:11]} 21...Rd8 {[%clk 0:34:09]} 22.Bxc5 {[%clk 0:28:51]} 22...Rxd2 {[%clk
0:32:28]} 23.Bxb6 {[%clk 0:29:19]} 23...Be6 {[%clk 0:30:29]} 24.h3 {[%clk
0:26:52]} 24...Nf6 {[%clk 0:29:40]} 25.c5 {[%clk 0:26:48]} 25...Rxe2 {[%clk
0:29:14]} 26.Re1 {[%clk 0:24:36]} 26...Rc2 {[%clk 0:27:43]} 27.Ng5 {[%clk
0:23:19]} 27...Bd5 {[%clk 0:27:06]} 28.Bxd5 {[%clk 0:22:30]} 28...Nxd5 {[%clk
0:27:19]} 29.Re8+ {[%clk 0:21:39]} 29...Kg7 {[%clk 0:27:26]} 30.Rb8 {[%clk
0:22:01]} 30...Bd4 {[%clk 0:26:25]} 31.Rxb7 {[%clk 0:16:39]} 31...Bxf2+ {[%clk
0:25:22]} 32.Kh1 {[%clk 0:16:52]} 32...Bxg3 {[%clk 0:21:07]} 33.Rxf7+ {[%clk
0:16:21]} 33...Kg8 {[%clk 0:21:24]} 34.Rf3 {[%clk 0:15:45]} 34...Be5 {[%clk
0:12:53]} 35.Ne6 {[%clk 0:14:55]} 35...h5 {[%clk 0:12:45]} 36.Rf8+ {[%clk
0:14:18]} 36...Kh7 {[%clk 0:13:09]} 37.Ng5+ {[%clk 0:14:30]} 37...Kh6 {[%clk
0:12:40]} 38.Ne6 {[%clk 0:10:10]} 38...Ne3 {[%clk 0:11:11]} 39.Kg1 {[%clk
0:07:57]} 39...g5 {[%clk 0:05:29]} 40.Rf3 {[%clk 0:07:28]} 40...Nc4 {[%clk
0:03:20]} 41.Rf2 {[%clk 0:07:11]} 41...Rc1+ {[%clk 0:02:05]} 42.Kg2 {[%clk
0:07:34]} 42...g4 {[%clk 0:02:16]} 43.hxg4 {[%clk 0:06:13]} 43...hxg4 {[%clk
0:02:42]} 44.Re2 {[%clk 0:04:18]} 44...Kg6 {[%clk 0:02:12]} 45.Re4 {[%clk
0:03:19]} 45...Kf5 {[%clk 0:01:35]} 46.Rxe5+ {[%clk 0:01:46]} 46...Kxe5 {[%clk
0:01:32]} 47.Nd8 {[%clk 0:01:14]} 47...Kf5 {[%clk 0:00:39]} 48.Nb7 {[%clk
0:01:01]} 48...Nxb6 {[%clk 0:00:40]} 49.cxb6 {[%clk 0:01:30]} 49...Rc3 {[%clk
0:00:44]} 50.Nd6+ {[%clk 0:01:31]} 50...Kf4 {[%clk 0:00:54]} 51.b7 {[%clk
0:01:52]} 51...Rc2+ {[%clk 0:01:10]} 52.Kf1 {[%clk 0:01:36]} 52...Rb2 {[%clk
0:02:48]} 53.Kg1 {[%clk 0:00:48]} 53...Kf3 {[%clk 0:03:04]} 0-1

[Event "Najdorf Memorial B"]
[Site "Warsaw POL"]
[Date "2021.07.13"]
[Round "4.18"]
[White "Iwaszkiewicz, Krzysztof"]
[Black "Olcha, Dominik"]
[Result "1-0"]
[WhiteElo "1706"]
[BlackElo "1394"]
[EventDate "2021.07.10"]
[PlyCount "105"]
[LiveChessVersion "1.4.8"]

1.d4 {[%clk 1:30:59]} 1...Nf6 {[%clk 1:30:50]} 2.Bf4 {[%clk 1:31:27]} 2...g6 
{[%clk 1:31:00]} 3.e3 {[%clk 1:31:56]} 3...Bg7 {[%clk 1:31:21]} 4.c3 {[%clk
1:32:20]} 4...O-O {[%clk 1:29:56]} 5.h3 {[%clk 1:32:43]} 5...d6 {[%clk 1:30:18]} 
6.Nf3 {[%clk 1:33:10]} 6...c5 7.Nbd2 {[%clk 1:33:33]} 7...b6 {[%clk 1:26:48]} 
8.Bc4 {[%clk 1:32:52]} 8...Bb7 {[%clk 1:24:15]} 9.O-O {[%clk 1:33:07]} 9...Nbd7 
{[%clk 1:22:52]} 10.Bh2 {[%clk 1:33:16]} 10...cxd4 {[%clk 1:21:46]} 11.exd4 
{[%clk 1:33:38]} 11...a6 {[%clk 1:21:47]} 12.a4 {[%clk 1:33:49]} 12...h6 {[%clk
1:14:06]} 13.Re1 {[%clk 1:33:49]} 13...Nh7 {[%clk 1:14:14]} 14.Re3 {[%clk
1:32:28]} 14...e5 {[%clk 1:07:05]} 15.dxe5 {[%clk 1:31:03]} 15...dxe5 {[%clk
1:03:45]} 16.Bxe5 {[%clk 1:28:22]} 16...Nxe5 {[%clk 1:03:11]} 17.Nxe5 {[%clk
1:28:28]} 17...Bxe5 {[%clk 0:58:45]} 18.Rxe5 {[%clk 1:28:40]} 18...Qf6 {[%clk
0:59:14]} 19.Qe2 {[%clk 1:28:40]} 19...Rad8 {[%clk 0:57:28]} 20.Re1 {[%clk
1:28:47]} 20...Qc6 {[%clk 0:53:19]} 21.f3 {[%clk 1:23:13]} 21...Rxd2 {[%clk
0:45:22]} 22.Bxf7+ {[%clk 1:23:35]} 22...Rxf7 {[%clk 0:44:51]} 23.Qxd2 {[%clk
1:24:02]} 23...Kg7 {[%clk 0:40:38]} 24.Qd4 {[%clk 1:24:05]} 24...Qf6 {[%clk
0:40:26]} 25.Re6 {[%clk 1:22:08]} 25...Qxd4+ {[%clk 0:38:56]} 26.cxd4 {[%clk
1:22:32]} 26...b5 {[%clk 0:33:46]} 27.axb5 {[%clk 1:22:49]} 27...axb5 {[%clk
0:34:08]} 28.Rb6 {[%clk 1:23:13]} 28...Nf6 {[%clk 0:33:48]} 29.Rxb5 {[%clk
1:23:00]} 29...Nd5 {[%clk 0:33:32]} 30.Ra1 {[%clk 1:22:29]} 30...Nf4 {[%clk
0:23:47]} 31.Ra7 {[%clk 1:19:32]} 31...Bc8 {[%clk 0:21:35]} 32.Rxf7+ {[%clk
1:19:42]} 32...Kxf7 {[%clk 0:22:03]} 33.Kf2 {[%clk 1:19:14]} 33...Be6 {[%clk
0:21:43]} 34.Rb7+ {[%clk 1:18:14]} 34...Kf6 {[%clk 0:21:57]} 35.b4 {[%clk
1:16:52]} 35...Nd3+ {[%clk 0:19:31]} 36.Ke3 {[%clk 1:16:14]} 36...Ne1 {[%clk
0:17:56]} 37.g4 {[%clk 1:15:43]} 37...g5 {[%clk 0:17:57]} 38.Rb6 {[%clk
1:14:48]} 38...Ng2+ {[%clk 0:17:00]} 39.Ke4 {[%clk 1:12:06]} 39...Nf4 {[%clk
0:17:28]} 40.Ra6 {[%clk 1:11:45]} 40...Nd5 {[%clk 0:17:26]} 41.b5 {[%clk
1:10:17]} 41...Nc3+ {[%clk 0:16:58]} 42.Kd3 {[%clk 1:10:41]} 42...Nd5 {[%clk
0:15:45]} 43.Ra1 {[%clk 1:09:24]} 43...Nf4+ {[%clk 0:14:09]} 44.Ke3 {[%clk
1:09:43]} 44...Nd5+ {[%clk 0:14:28]} 45.Kd3 {[%clk 1:09:08]} 45...Nf4+ {[%clk
0:13:51]} 46.Kc2 {[%clk 1:05:39]} 46...Nd5 {[%clk 0:12:39]} 47.Kb3 {[%clk
1:05:01]} 47...Ne3+ {[%clk 0:10:02]} 48.Ka4 {[%clk 1:02:11]} 48...Bd5 {[%clk
0:06:29]} 49.b6 {[%clk 0:58:58]} 49...Bxf3 {[%clk 0:05:48]} 50.Kb5 {[%clk
0:57:54]} 50...Kf7 {[%clk 0:00:43]} 51.Ka6 {[%clk 0:58:03]} 51...Nc2 {[%clk
0:00:45]} 52.Rf1 {[%clk 0:58:23]} 52...Nxd4 {[%clk 0:00:40]} 53.b7 {[%clk
0:58:40]} 1-0

[Event "Najdorf Memorial B"]
[Site "Warsaw POL"]
[Date "2021.07.12"]
[Round "4.19"]
[White "Rutkowski, Piotr"]
[Black "Kopaniewski, Wojciech"]
[Result "1-0"]
[WhiteElo "1688"]
[BlackElo "1389"]
[EventDate "2021.07.10"]
[PlyCount "61"]
[BlackTitle "II+"]
[WhiteTitle "II+"]

1.e4 d6 2.d4 Nf6 3.Nc3 e5 4.Nf3 Nbd7 5.Be2 Be7 6.O-O O-O 7.h3 h6 8.Be3 c6 9.a4 
Qc7 10.Nh4 Re8 11.Nf5 Bf8 12.Qd3 exd4 13.Bxd4 Ne5 14.Qg3 Bxf5 15.exf5 Kh7 16.f4 
Ned7 17.Qf3 d5 18.Bd3 Bc5 19.Bxc5 Nxc5 20.g4 d4 21.Nd1 Kh8 22.g5 Nfe4 23.Nf2 
Nd2 24.Qg4 Nxf1 25.Rxf1 hxg5 26.f6 Nxd3 27.Qxg5 gxf6 28.Qh6+ Kg8 29.Nxd3 Re3 
30.Kh2 Re2+ 31.Kh1 1-0

[Event "Najdorf Memorial B"]
[Site "Warsaw POL"]
[Date "2021.07.12"]
[Round "4.20"]
[White "Hertlein, Irena"]
[Black "Skowron, Dawid"]
[Result "1-0"]
[WhiteElo "1643"]
[BlackElo "1349"]
[EventDate "2021.07.10"]
[PlyCount "105"]
[BlackTitle "II"]
[WhiteTitle "k"]

1.d4 Nf6 2.Nf3 g6 3.g3 Bg7 4.Bg2 O-O 5.O-O c6 6.c4 Na6 7.Nbd2 d5 8.b3 c5 9.Bb2 
Be6 10.Ng5 Qb6 11.dxc5 Nxc5 12.cxd5 Bxd5 13.Bxd5 Nxd5 14.Bxg7 Kxg7 15.Nc4 Qc6 
16.Qd4+ Nf6 17.Ne5 Qd6 18.Qxd6 exd6 19.Nc4 d5 20.Ne3 Rfe8 21.Rfd1 Rad8 22.Rac1 
b6 23.Nf3 Re4 24.Rc2 d4 25.Rcd2 Ne6 26.Nc2 Re8 27.Ncxd4 Nxd4 28.Nxd4 a6 29.Rc2 
Nd5 30.a3 Kf8 31.e3 Rd8 32.Nf3 Re7 33.e4 Rxe4 34.Rcd2 Ke7 35.Rxd5 Rxd5 36.Rxd5 
Ke6 37.Rd8 Kf6 38.Rd6+ Re6 39.Rxe6+ fxe6 40.Kf1 e5 41.Ke2 e4 42.Nd2 Ke5 43.Ke3 
g5 44.g4 b5 45.Nxe4 h6 46.Nc5 a5 47.Nb7 b4 48.Nxa5 bxa3 49.Nc4+ Kd5 50.Nxa3 Kc5 
51.Nc2 Kd5 52.b4 Kc4 53.Ke4 1-0

[Event "Najdorf Memorial B"]
[Site "Warsaw POL"]
[Date "2021.07.12"]
[Round "4.21"]
[White "Trybula, Agata"]
[Black "Maciaszek, Karol"]
[Result "1/2-1/2"]
[WhiteElo "1634"]
[BlackElo "1386"]
[EventDate "2021.07.10"]
[PlyCount "108"]
[BlackTitle "II"]
[WhiteTitle "I++"]

1.d4 Nf6 2.c4 e6 3.Nc3 d5 4.Bf4 Bd6 5.Bxd6 Qxd6 6.Nf3 c6 7.e3 Nbd7 8.c5 Qc7 
9.Be2 O-O 10.O-O e5 11.b4 Re8 12.Re1 exd4 13.exd4 Nf8 14.a4 Ng6 15.Qc2 Bg4 
16.h3 Bxf3 17.Bxf3 Nh4 18.Be2 Qf4 19.Rad1 Qg5 20.g3 Re3 21.Bg4 Nf3+ 22.Bxf3 
Rxf3 23.Kg2 Rf5 24.Re3 Nh5 25.Kh2 Qf6 26.Rd2 Rf3 27.Re5 g6 28.b5 Ng7 29.Rde2 
Nf5 30.Qd2 h5 31.Kg2 Ng7 32.Re7 Ne6 33.Rxb7 Nxd4 34.Re3 Kf8 35.Rd3 Rxd3 36.Qxd3 
Ne6 37.bxc6 Nxc5 38.Nxd5 Qxc6 39.Rc7 Qd6 40.Qc4 Ne6 41.Rc6 Qd7 42.Nf6 Qb7 
43.Nd5 Rd8 44.Kg1 Qb1+ 45.Kg2 Qf5 46.Qb4+ Kg7 47.Ne3 Qd3 48.Qc3+ Qxc3 49.Rxc3 
Rd4 50.Rc4 Rxc4 51.Nxc4 Nc5 52.a5 Kf6 53.f4 Ke6 54.Kf3 f6 1/2-1/2

[Event "Najdorf Memorial B"]
[Site "Warsaw POL"]
[Date "2021.07.12"]
[Round "4.22"]
[White "Adamowicz, Michal"]
[Black "Chmielewski, Miroslaw"]
[Result "0-1"]
[WhiteElo "1333"]
[BlackElo "1604"]
[EventDate "2021.07.10"]
[PlyCount "144"]
[BlackTitle "I"]
[WhiteTitle "II"]

1.e4 b6 2.d3 Bb7 3.Nf3 e6 4.g3 d5 5.Nbd2 Nf6 6.Qe2 Be7 7.Bg2 O-O 8.O-O a5 9.e5 
Ne8 10.Re1 c5 11.h4 Nc6 12.c3 Nc7 13.Nf1 b5 14.N1h2 d4 15.Ng5 h6 16.Qh5 Qe8 
17.Ne4 f5 18.Qxe8 Raxe8 19.Nd6 Bxd6 20.exd6 Na6 21.Bf4 Nab8 22.Nf3 dxc3 23.bxc3 
Nd7 24.Ne5 Ndxe5 25.Bxe5 Rf7 26.Bxc6 Bxc6 27.f4 Rb7 28.a3 a4 29.Reb1 Bd7 30.Rb2 
Reb8 31.Rab1 Kf7 32.Kf2 Rb6 33.Ke3 R6b7 34.d4 c4 35.Rb4 Bc6 36.R1b2 Bd5 37.Rh2 
Ke8 38.Kd2 Rf7 39.Ke3 Kd7 40.h5 Rb7 41.Rh4 Be4 42.Rb2 Kc6 43.Rb4 Bc2 44.Rh2 Bb3 
45.Rh4 Bd1 46.Rh1 Bg4 47.Rh4 Rf8 48.Rh2 Rg8 49.Rh4 g6 50.hxg6 Rxg6 51.Rb2 h5 
52.Rbh2 Rd7 53.Rh1 Rg8 54.R4h2 Rh7 55.Rh4 Rh6 56.R4h2 Rhg6 57.Rb1 Rh6 58.Rhb2 
Bd1 59.Rxd1 Rxg3+ 60.Kf2 Rhg6 61.Rdd2 h4 62.d7 Kxd7 63.Rxb5 Rg2+ 64.Ke1 Rg1+ 
65.Ke2 R6g2+ 66.Ke3 Re1+ 67.Kf3 Rxd2 68.Rb7+ Kc6 69.Rc7+ Kb6 70.d5 exd5 71.Bf6 
Kxc7 72.Bd8+ Kc6 0-1

[Event "Najdorf Memorial B"]
[Site "Warsaw POL"]
[Date "2021.07.12"]
[Round "4.23"]
[White "Arciszewska, Zuzanna"]
[Black "Klim, Juliusz"]
[Result "1-0"]
[WhiteElo "1604"]
[BlackElo "1344"]
[EventDate "2021.07.10"]
[PlyCount "61"]
[BlackTitle "II"]
[WhiteTitle "I++"]

1.d4 d5 2.Nf3 Nf6 3.c4 e6 4.cxd5 exd5 5.Bg5 Be6 6.Nc3 a6 7.e3 Bd6 8.Bd3 Nbd7 
9.Rc1 O-O 10.O-O c6 11.Qc2 h6 12.Bh4 Rc8 13.Rfe1 Qc7 14.Bg3 Bg4 15.Nh4 Rfe8 
16.Nf5 Bxg3 17.Nxg3 Nf8 18.f3 Be6 19.b4 a5 20.b5 cxb5 21.Bxb5 Bd7 22.Qd2 Bxb5 
23.Nxb5 Qb6 24.a4 Ne6 25.Nf5 Rc6 26.Rb1 Qa6 27.e4 Nc7 28.e5 Nd7 29.Nbd6 Re6 
30.Rxb7 Nb6 31.Rb8+ 1-0

[Event "Najdorf Memorial B"]
[Site "Warsaw POL"]
[Date "2021.07.12"]
[Round "4.24"]
[White "Kaczmarek, Tomasz"]
[Black "Wawrzos, Leszek"]
[Result "1-0"]
[WhiteElo "1586"]
[BlackElo "1318"]
[EventDate "2021.07.10"]
[PlyCount "93"]
[BlackTitle "II"]
[WhiteTitle "II+"]

1.e4 c5 2.Nf3 d6 3.d4 cxd4 4.Qxd4 Nc6 5.Bb5 Bd7 6.Bxc6 Bxc6 7.O-O Nf6 8.Re1 e5 
9.Qd3 Be7 10.c4 b6 11.Nc3 O-O 12.Bg5 h6 13.Bxf6 Bxf6 14.Rad1 Be7 15.Nd5 Bxd5 
16.Qxd5 Qc7 17.b3 Rac8 18.Nd2 Qc6 19.Nb1 Kh8 20.Nc3 a6 21.Qxc6 Rxc6 22.Nd5 Bd8 
23.Nb4 Rc5 24.Nxa6 Ra5 25.Nb4 Bc7 26.a4 f5 27.Nc6 Raa8 28.Ne7 Rf6 29.Nxf5 Kh7 
30.Ne3 Re6 31.Nd5 Bd8 32.Nc3 Rb8 33.Rd3 Be7 34.Red1 Rb7 35.Rd5 g5 36.Rb5 Bd8 
37.Nd5 Kg7 38.a5 Kf7 39.a6 Ra7 40.Ra1 Ke8 41.Nxb6 Bxb6 42.Rxb6 Kd8 43.c5 Kc7 
44.Rd1 Re7 45.Rdxd6 h5 46.Rdc6+ Kd8 47.f3 1-0

[Event "Najdorf Memorial B"]
[Site "Warsaw POL"]
[Date "2021.07.12"]
[Round "4.25"]
[White "Mocny, Stanislaw"]
[Black "Jaroszuk, Marcin"]
[Result "0-1"]
[WhiteElo "1277"]
[BlackElo "1571"]
[EventDate "2021.07.10"]
[PlyCount "94"]
[BlackTitle "I+"]
[WhiteTitle "II"]

1.e4 e5 2.Nf3 Nc6 3.Bc4 Nf6 4.Nc3 Nxe4 5.Nxe4 d5 6.Bd3 Nb4 7.Nc3 e4 8.Nxe4 dxe4 
9.Bxe4 f5 10.Bd3 Nxd3+ 11.cxd3 Qxd3 12.Qe2+ Qxe2+ 13.Kxe2 Bd7 14.b3 O-O-O 
15.Bb2 Bb5+ 16.Kd1 Bc5 17.d4 Rhe8 18.Rc1 Bb4 19.a3 Be2+ 20.Kc2 Bxf3 21.gxf3 
Re2+ 22.Kb1 Bd6 23.Rcf1 g6 24.Bc1 c5 25.dxc5 Bxc5 26.Bg5 Rd3 27.b4 Rb3+ 28.Kc1 
Bxf2 29.Rd1 Be3+ 30.Bxe3 Rexe3 31.Rd4 Rxa3 32.Kb2 Reb3+ 33.Kc2 Rxf3 34.Rhd1 
Rf2+ 35.Kb1 a6 36.Rd8+ Kc7 37.R8d7+ Kb6 38.Rxh7 Rb3+ 39.Kc1 Rxb4 40.Rd6+ Kc5 
41.Rxg6 Kc4 42.Rh4+ f4 43.Rf6 Kb3 44.Kd1 a5 45.Rd6 Ka2 46.Rd2+ Rxd2+ 47.Kxd2 
Kb2 0-1

[Event "Najdorf Memorial B"]
[Site "Warsaw POL"]
[Date "2021.07.12"]
[Round "4.26"]
[White "Kalus, Franciszek"]
[Black "Stefaniuk, Zbigniew"]
[Result "0-1"]
[WhiteElo "1258"]
[BlackElo "1525"]
[EventDate "2021.07.10"]
[PlyCount "52"]
[BlackTitle "II+"]
[WhiteTitle "II"]

1.d4 Nf6 2.c4 d6 3.Nc3 e5 4.Nf3 Nbd7 5.e4 Be7 6.Be2 O-O 7.O-O Re8 8.h3 Bf8 9.d5 
Nc5 10.Qc2 a5 11.Be3 Nh5 12.Bxc5 dxc5 13.Nxe5 Rxe5 14.f4 Nxf4 15.Rxf4 Qg5 
16.Rf3 Ra6 17.Qc1 Rg6 18.Qxg5 Rexg5 19.Bf1 Bd6 20.Re1 Be5 21.b3 Rg3 22.Rxg3 
Rxg3 23.Ne2 Re3 24.Kf2 Rxe4 25.g4 Bf6 26.Ng3 Bd4+ 0-1

[Event "Najdorf Memorial B"]
[Site "Warsaw POL"]
[Date "2021.07.14"]
[Round "5.1"]
[White "Smetek, Michal"]
[Black "Rejniak, Zuzanna"]
[Result "1-0"]
[WhiteElo "1315"]
[BlackElo "1768"]
[EventDate "2021.07.10"]
[PlyCount "47"]
[LiveChessVersion "1.4.8"]

1.d4 {[%clk 1:30:59]} 1...g6 {[%clk 1:30:49]} 2.c4 {[%clk 1:31:21]} 2...Bg7 
{[%clk 1:31:13]} 3.Nc3 {[%clk 1:31:46]} 3...c5 {[%clk 1:31:38]} 4.d5 {[%clk
1:32:07]} 4...Bxc3+ {[%clk 1:32:01]} 5.bxc3 {[%clk 1:32:34]} 5...Qa5 {[%clk
1:32:26]} 6.Qc2 {[%clk 1:33:00]} 6...f5 {[%clk 1:32:45]} 7.e4 {[%clk 1:32:25]} 
7...d6 {[%clk 1:32:28]} 8.Bd3 {[%clk 1:32:34]} 8...fxe4 {[%clk 1:30:49]} 9.Bxe4 
{[%clk 1:32:49]} 9...Nf6 {[%clk 1:31:08]} 10.Bd3 {[%clk 1:32:29]} 10...Nbd7 
{[%clk 1:21:37]} 11.Nf3 {[%clk 1:31:43]} 11...Nb6 {[%clk 1:21:14]} 12.O-O 
{[%clk 1:25:20]} 12...Qa4 {[%clk 1:10:35]} 13.Qe2 {[%clk 1:12:19]} 13...Bg4 
{[%clk 1:07:47]} 14.Re1 {[%clk 1:11:45]} 14...O-O-O {[%clk 1:05:48]} 15.Qxe7 
{[%clk 1:05:46]} 15...Nfd7 {[%clk 0:57:43]} 16.Qxd6 {[%clk 1:01:16]} 16...Bxf3 
{[%clk 0:57:43]} 17.Bf4 {[%clk 1:01:24]} 17...Na8 {[%clk 0:58:07]} 18.gxf3 
{[%clk 1:00:55]} 18...Rhf8 {[%clk 0:56:25]} 19.Bg3 {[%clk 0:51:26]} 19...Rxf3 
{[%clk 0:54:17]} 20.Bf1 {[%clk 0:47:17]} 20...Rf6 {[%clk 0:50:33]} 21.Re6 
{[%clk 0:47:00]} 21...Rf7 {[%clk 0:49:00]} 22.Bh3 Qa6 {[%clk 0:47:22]} 23.Qb8+ 
{[%clk 0:43:23]} 23...Nxb8 {[%clk 0:47:29]} 24.Rc6# {[%clk 0:43:52]} 1-0